[Event "Bitlis Betav op 1st"]
[Site "Bitlis"]
[Date "2024.09.05"]
[Round "6"]
[White "Daghan, Devran"]
[Black "Schekachikhin, Maksim"]
[Result "0-1"]
[WhiteElo "2166"]
[BlackElo "2367"]
[PlyCount "78"]
[EventDate "2024.09.02"]
[EventType "swiss"]
[EventRounds "9"]
[EventCountry "TUR"]
[SourceTitle "EXT 2025"]
[Source "ChessBase"]
[SourceDate "2024.10.14"]
[SourceVersion "1"]
[SourceVersionDate "2024.10.14"]
[SourceQuality "1"]

1. Nf3 Nf6 2. b3 d5 3. Bb2 e6 4. g3 Be7 5. Bg2 0-0 6. 0-0 c5 7. d3 b6 8. Nbd2 Bb7 9. e4 Nc6 10. e5 Nd7 11. Re1 b5 12. h4 a5 13. h5 h6 14. a4 bxa4 15. Rxa4 Nb4 16. Nf1 d4 17. N1h2 Nb6 18. Ra1 a4 19. bxa4 Nxa4 20. Ba3 Nc3 21. Qd2 Nba2 22. Bc1 Bd5 23. Ng4 Bxf3 24. Bxf3 Bg5 25. Qxg5 hxg5 26. h6 Nxc1 27. Rxa8 Qxa8 28. Bxa8 Rxa8 29. Kg2 N1a2 30. Rh1 Nb4 31. hxg7 Kxg7 32. Rh5 Nxc2 33. Rxg5+ Kf8 34. Nf6 Ke7 35. Ng8+ Rxg8 36. Rxg8 c4 37. dxc4 d3 38. c5 d2 39. c6 Nd5 0-1

[Event "Bitlis Betav op 1st"]
[Site "Bitlis"]
[Date "2024.09.03"]
[Round "2"]
[White "Gursu, Ahmet Burak"]
[Black "Daghan, Devran"]
[Result "0-1"]
[WhiteElo "1828"]
[BlackElo "2166"]
[PlyCount "92"]
[EventDate "2024.09.02"]
[EventType "swiss"]
[EventRounds "9"]
[EventCountry "TUR"]
[SourceTitle "EXT 2025"]
[Source "ChessBase"]
[SourceDate "2024.10.14"]
[SourceVersion "1"]
[SourceVersionDate "2024.10.14"]
[SourceQuality "1"]

1. d4 d5 2. Nc3 c6 3. Bf4 Qb6 4. Na4 Qa5+ 5. c3 Nf6 6. Nc5 Nbd7 7. Nb3 Qb6 8. e3 e6 9. Nf3 a5 10. a4 Be7 11. Bd3 0-0 12. 0-0 c5 13. dxc5 Nxc5 14. Nxc5 Qxc5 15. Qc2 Bd7 16. Be5 h6 17. Bd4 Qc7 18. Ne5 Be8 19. f4 Nd7 20. Rf3 f6 21. Bh7+ Kh8 22. Ng6+ Bxg6 23. Qxg6 Nc5 24. Rg3 Bd6 25. Bxc5 Bxc5 26. Qd3 f5 27. Bg6 Qxf4 28. Kh1 Qc7 29. Rc1 Bd6 30. Rh3 Rac8 31. Qb5 Qc6 32. Qb3 Bc5 33. c4 Bb4 34. Qd3 dxc4 35. Qd4 e5 36. Qxe5 Qxg6 37. Rd1 Qf6 38. Qf4 Rfd8 39. Rf1 Bd6 40. Qf2 Be5 41. Rh5 f4 42. exf4 Bxb2 43. Qc2 c3 44. Rf5 Qd6 45. Rf7 Qd2 46. Qg6 c2 0-1

[Event "Ankara Baskent Univ op 7th"]
[Site "Ankara"]
[Date "2024.07.08"]
[Round "9"]
[White "Daghan, Devran"]
[Black "Cevizci, Yusuf Baran"]
[Result "1/2-1/2"]
[WhiteElo "2120"]
[BlackElo "2035"]
[PlyCount "67"]
[EventDate "2024.07.03"]
[EventType "swiss"]
[EventRounds "9"]
[EventCountry "TUR"]
[SourceTitle "CBM 221 Extra"]
[Source "ChessBase"]
[SourceDate "2024.09.30"]
[SourceVersion "1"]
[SourceVersionDate "2024.09.30"]
[SourceQuality "1"]

1. d4 d5 2. Nf3 Nf6 3. Bf4 c5 4. e3 cxd4 5. exd4 Nc6 6. c3 g6 7. Nbd2 Bg7 8. h3 0-0 9. Be2 Bf5 10. 0-0 Ne4 11. Re1 Nxd2 12. Qxd2 Re8 13. Rad1 Rc8 14. Ne5 Qb6 15. Bg4 Nxe5 16. Bxe5 Bxg4 17. hxg4 Rc6 18. Bxg7 Kxg7 19. Re5 e6 20. Rde1 Rh8 21. R1e3 f6 22. Rf3 fxe5 23. Qg5 Qd8 24. Qxe5+ Kg8 25. g5 h5 26. Rf6 Qe8 27. c4 Kh7 28. g4 Rf8 29. c5 Rxf6 30. gxf6 hxg4 31. Kg2 Qf7 32. Qh2+ Kg8 33. Qb8+ Kh7 34. Qh2+ 1/2-1/2

[Event "Ankara Baskent Univ op 7th"]
[Site "Ankara"]
[Date "2024.07.04"]
[Round "3"]
[White "Schekachikhin, Maksim"]
[Black "Daghan, Devran"]
[Result "1-0"]
[WhiteElo "2343"]
[BlackElo "2120"]
[PlyCount "83"]
[EventDate "2024.07.03"]
[EventType "swiss"]
[EventRounds "9"]
[EventCountry "TUR"]
[SourceTitle "CBM 221 Extra"]
[Source "ChessBase"]
[SourceDate "2024.09.30"]
[SourceVersion "1"]
[SourceVersionDate "2024.09.30"]
[SourceQuality "1"]

1. e4 e5 2. Nf3 Nc6 3. d4 exd4 4. Nxd4 Bc5 5. Nxc6 Qf6 6. Qf3 Qxf3 7. gxf3 dxc6 8. Be3 Bxe3 9. fxe3 Be6 10. Nd2 Ne7 11. Bd3 c5 12. h4 f5 13. Ke2 0-0 14. exf5 Nxf5 15. Bxf5 Rxf5 16. Rag1 Rd8 17. Rg5 h6 18. Rxf5 Bxf5 19. e4 Be6 20. Ke3 a5 21. f4 a4 22. f5 Bf7 23. Rg1 Kf8 24. Nf3 a3 25. b3 c4 26. Nd4 c5 27. Nb5 cxb3 28. axb3 c4 29. Nxa3 cxb3 30. cxb3 Rc8 31. Kf4 Bxb3 32. Rb1 Rc3 33. Nb5 Rd3 34. Ke5 Bc2 35. Rc1 Ba4 36. Nd4 Bc6 37. Ne6+ Kf7 38. Rg1 g5 39. hxg5 hxg5 40. Rxg5 Rd7 41. Rg7+ Ke8 42. Rg8+ 1-0

[Event "Mersin op-A 7th"]
[Site "Mersin"]
[Date "2023.11.15"]
[Round "5"]
[White "Akhvlediani, Irakli"]
[Black "Daghan, Devran"]
[Result "1/2-1/2"]
[WhiteElo "2366"]
[BlackElo "2069"]
[PlyCount "109"]
[EventDate "2023.11.12"]
[EventType "swiss"]
[EventRounds "9"]
[EventCountry "TUR"]
[SourceTitle "CBM 217 Extra"]
[Source "ChessBase"]
[SourceDate "2024.01.31"]
[SourceVersion "1"]
[SourceVersionDate "2024.01.31"]
[SourceQuality "1"]

1. d4 Nf6 2. c4 e6 3. Nf3 d5 4. Nc3 c6 5. Bg5 h6 6. Bxf6 Qxf6 7. e3 Nd7 8. Bd3 g6 9. 0-0 Bg7 10. cxd5 exd5 11. b4 a6 12. a4 0-0 13. Qb3 Rd8 14. Rac1 b5 15. a5 Qd6 16. h3 Bf8 17. Na2 Re8 18. Rc3 Bb7 19. Qc2 f5 20. Rb1 Qe6 21. h4 Bd6 22. h5 Nf6 23. hxg6 Ne4 24. Bxe4 fxe4 25. Ne5 Bxe5 26. dxe5 Qxe5 27. Nc1 Re6 28. Ne2 Rxg6 29. Nf4 Rd6 30. Rc5 Rf8 31. Rd1 h5 32. Qc3 Qg5 33. Kf1 Rdf6 34. Ke1 h4 35. Kf1 Kh7 36. Ke2 Bc8 37. Rh1 Bd7 38. Kf1 Kg8 39. Qd4 R8f7 40. Qd1 Bg4 41. Qc2 Bd7 42. Qd1 Rxf4 43. exf4 Qxf4 44. Rc2 e3 45. Qh5 Bg4 46. Qxh4 e2+ 47. Rxe2 Bxe2+ 48. Kxe2 Qe5+ 49. Kd3 Qb2 50. Qd8+ Rf8 51. Qg5+ Qg7 52. Qxg7+ Kxg7 53. f3 Rf4 54. Rc1 Rc4 55. Rxc4 1/2-1/2

[Event "Mersin op-A 7th"]
[Site "Mersin"]
[Date "2023.11.14"]
[Round "4"]
[White "Daghan, Devran"]
[Black "Koksal, Ege"]
[Result "1-0"]
[WhiteElo "2069"]
[BlackElo "2325"]
[PlyCount "101"]
[EventDate "2023.11.12"]
[EventType "swiss"]
[EventRounds "9"]
[EventCountry "TUR"]
[SourceTitle "CBM 217 Extra"]
[Source "ChessBase"]
[SourceDate "2024.01.31"]
[SourceVersion "1"]
[SourceVersionDate "2024.01.31"]
[SourceQuality "1"]

1. e4 e5 2. Nf3 Nc6 3. d4 exd4 4. Nxd4 Nxd4 5. Qxd4 Qf6 6. Be3 Qxd4 7. Bxd4 Ne7 8. a3 Nc6 9. Bc3 d6 10. Nd2 Be6 11. Nc4 0-0-0 12. Ne3 Ne7 13. 0-0-0 f5 14. exf5 Nxf5 15. Nxf5 Bxf5 16. Bd3 Bxd3 17. Rxd3 Re8 18. Kd1 Kd7 19. f4 Ke6 20. g4 Kf7 21. h4 Re4 22. Rf3 d5 23. g5 h6 24. Rg1 d4 25. Bd2 Bd6 26. Re1 Rhe8 27. Ref1 c5 28. c3 c4 29. cxd4 Rxd4 30. Kc1 Re2 31. Bc3 Rd3 32. h5 Rh2 33. g6+ Kg8 34. Rxd3 cxd3 35. Rf3 Rxh5 36. Rxd3 Bxf4+ 37. Kc2 Bg5 38. Rd7 Bf6 39. Rxb7 Rd5 40. Rxa7 h5 41. Ra8+ Rd8 42. Rxd8+ Bxd8 43. Kd3 Bc7 44. Ke4 Kf8 45. Kf5 h4 46. Kg4 Bd8 47. a4 Bc7 48. Kxh4 Ke7 49. Bxg7 Ke6 50. Bc3 Kf5 51. g7 1-0

[Event "Mersin op-A 7th"]
[Site "Mersin"]
[Date "2023.11.12"]
[Round "1"]
[White "Gleizerov, Evgeny"]
[Black "Daghan, Devran"]
[Result "1-0"]
[WhiteElo "2382"]
[BlackElo "2069"]
[PlyCount "68"]
[EventDate "2023.11.12"]
[EventType "swiss"]
[EventRounds "9"]
[EventCountry "TUR"]
[SourceTitle "CBM 217 Extra"]
[Source "ChessBase"]
[SourceDate "2024.01.31"]
[SourceVersion "1"]
[SourceVersionDate "2024.01.31"]
[SourceQuality "1"]

1. d4 Nf6 2. c4 c5 3. d5 b5 4. cxb5 a6 5. b6 g6 6. Nc3 Bg7 7. Nf3 0-0 8. e4 d6 9. Be2 Nbd7 10. a4 Qxb6 11. 0-0 Bb7 12. Nd2 Qc7 13. Nc4 Nb6 14. Ne3 e6 15. a5 Nbd7 16. f4 exd5 17. exd5 Rfe8 18. Qd3 h5 19. Bf3 Ng4 20. Bxg4 hxg4 21. Nxg4 c4 22. Qg3 f5 23. Nf2 Nf6 24. Qxg6 Nxd5 25. Nxd5 Bxd5 26. Qxf5 Qc5 27. Qg4 Be6 28. Qg3 Bf5 29. Bd2 d5 30. Qg5 Bd3 31. Bc3 Ra7 32. Rfe1 Rf8 33. Re5 Rd7 34. Rae1 Qa7 1-0

[Event "Mersin op 6th"]
[Site "Mersin"]
[Date "2022.09.04"]
[Round "1"]
[White "Daghan, Devran"]
[Black "Yurtseven, Melih"]
[Result "0-1"]
[WhiteElo "2093"]
[BlackElo "2328"]
[PlyCount "55"]
[EventDate "2022.09.04"]
[EventType "swiss"]
[EventRounds "9"]
[EventCountry "TUR"]
[SourceTitle "CBM 210 Extra"]
[Source "ChessBase"]
[SourceDate "2022.11.30"]
[SourceVersion "1"]
[SourceVersionDate "2022.11.30"]
[SourceQuality "1"]

1. Nf3 d5 2. b3 Nf6 3. Bb2 c6 4. g3 a5 5. Bg2 Bf5 6. 0-0 e6 7. d3 h6 8. Nbd2 Bh7 9. Ne5 Be7 10. e4 0-0 11. a4 Na6 12. Qe2 Nb4 13. Rac1 Qc7 14. Ng4 Nxg4 15. Qxg4 e5 16. Qe2 d4 17. f4 Na2 18. Ra1 Nc3 19. Bxc3 dxc3 20. Nc4 Bc5+ 21. Kh1 Bd4 22. Bh3 exf4 23. gxf4 f5 24. e5 Rae8 25. Qh5 Bc5 26. Rae1 Re6 27. Ne3 Bg6 28. Qf3 0-1

[Event "TUR-chT 2nd League"]
[Site "Konya"]
[Date "2022.08.26"]
[Round "7.2"]
[White "Daghan, Devran"]
[Black "Ozturk, Emir"]
[Result "1-0"]
[WhiteElo "1999"]
[BlackElo "2193"]
[PlyCount "29"]
[EventDate "2022.08.22"]
[EventType "team-swiss"]
[EventRounds "9"]
[EventCountry "TUR"]
[SourceTitle "CBM 210 Extra"]
[Source "ChessBase"]
[SourceDate "2022.11.30"]
[SourceVersion "1"]
[SourceVersionDate "2022.11.30"]
[SourceQuality "1"]
[WhiteTeam "Guzelbahce Altyapi"]
[BlackTeam "Alacati Satranc"]
[WhiteTeamCountry "TUR"]
[BlackTeamCountry "TUR"]

1. e4 g6 2. d4 Bg7 3. Nc3 c6 4. Nf3 d6 5. Bg5 Qb6 6. Qd2 Qxb2 7. Rb1 Qa3 8. Bc4 Nd7 9. 0-0 b5 10. Bxb5 Ba6 11. Bxc6 Rc8 12. Nb5 Bxb5 13. Bxb5 Ngf6 14. Bxf6 Bxf6 15. c4 1-0

[Event "TUR-chT 2nd League"]
[Site "Konya"]
[Date "2022.08.24"]
[Round "4.1"]
[White "Turan, Asim"]
[Black "Daghan, Devran"]
[Result "0-1"]
[WhiteElo "1968"]
[BlackElo "1999"]
[PlyCount "106"]
[EventDate "2022.08.22"]
[EventType "team-swiss"]
[EventRounds "9"]
[EventCountry "TUR"]
[SourceTitle "CBM 210 Extra"]
[Source "ChessBase"]
[SourceDate "2022.11.30"]
[SourceVersion "1"]
[SourceVersionDate "2022.11.30"]
[SourceQuality "1"]
[WhiteTeam "Pamukkale Yonetimi"]
[BlackTeam "Guzelbahce Altyapi"]
[WhiteTeamCountry "TUR"]
[BlackTeamCountry "TUR"]

1. d4 Nf6 2. c4 e6 3. g3 d5 4. Nf3 dxc4 5. Bg2 Be7 6. Qc2 a6 7. a4 Nc6 8. Qxc4 Qd5 9. Qxd5 exd5 10. 0-0 Nb4 11. Nc3 c6 12. Bf4 a5 13. Rad1 0-0 14. Ne5 Be6 15. h3 Nd7 16. g4 Nxe5 17. Bxe5 f5 18. gxf5 Bxf5 19. Rd2 Bf6 20. f4 Be7 21. e4 dxe4 22. Bxe4 Be6 23. Rf3 Bf6 24. Rg2 Rad8 25. Rfg3 Rd7 26. f5 Bxe5 27. dxe5 Bxf5 28. Rg5 Bxe4 29. Nxe4 Nd5 30. Kh2 Kh8 31. Nd6 h6 32. R5g3 Re7 33. Re2 Rf4 34. b3 Kh7 35. Nc4 b6 36. Nd6 g5 37. Kg2 Kg6 38. Rf3 Rxf3 39. Kxf3 Nf4 40. Re3 Nxh3 41. Nc8 Re6 42. Nxb6 h5 43. Nc4 g4+ 44. Ke4 h4 45. Nd6 g3 46. Nf5 Kg5 47. Nd4 Re8 48. e6 Kg4 49. Ke5 g2 50. Re4+ Kh5 51. Nf3 Rxe6+ 52. Kxe6 Ng5+ 53. Kf5 Nxe4 0-1

[Event "TUR Cup"]
[Site "Adapazari"]
[Date "2022.03.30"]
[Round "9"]
[White "Kilic, Efe Mert"]
[Black "Daghan, Devran"]
[Result "1/2-1/2"]
[WhiteElo "2220"]
[BlackElo "1985"]
[PlyCount "195"]
[EventDate "2022.03.25"]
[EventType "swiss"]
[EventRounds "11"]
[EventCountry "TUR"]
[SourceTitle "EXT 2023"]
[Source "ChessBase"]
[SourceDate "2022.10.05"]
[SourceVersion "1"]
[SourceVersionDate "2022.10.05"]
[SourceQuality "1"]

1. e4 c6 2. d4 d5 3. e5 Bf5 4. Nf3 e6 5. Be2 Ne7 6. 0-0 Ng6 7. c3 Nd7 8. Be3 f6 9. exf6 Qxf6 10. Bg5 Qf7 11. Nh4 Nxh4 12. Bxh4 Bd6 13. Bg3 Bxg3 14. fxg3 Qe7 15. g4 Bg6 16. Nd2 e5 17. dxe5 Nxe5 18. Qa4 Qc5+ 19. Qd4 Qxd4+ 20. cxd4 Nf7 21. b4 a6 22. a4 0-0 23. b5 axb5 24. axb5 Rae8 25. Rf2 cxb5 26. Bxb5 Rb8 27. Nf3 Nd6 28. Rb2 Ra8 29. Re1 Be4 30. Nd2 Ra5 31. Bd7 b5 32. Nxe4 dxe4 33. Bc6 Ra6 34. Bd5+ Kh8 35. h3 Ra4 36. Bc6 Rb8 37. Reb1 Ra6 38. d5 g5 39. Rb3 Rab6 40. Rb4 Kg7 41. Ra1 Rf8 42. Rab1 Rf7 43. R4b3 Kf6 44. Bxb5 Rfb7 45. Ba4 Rxb3 46. Rxb3 Ra7 47. Bb5 Ra2 48. Kf1 Ke5 49. Be2 Kxd5 50. Rb8 e3 51. Bf3+ Ke5 52. Ke1 Nc4 53. Re8+ Kd4 54. Rd8+ Kc3 55. Rc8 Ra1+ 56. Ke2 Ra2+ 57. Ke1 Kd4 58. Rd8+ Ke5 59. Rd5+ Ke6 60. Rd3 Ra1+ 61. Ke2 Ke5 62. Rd5+ Ke6 63. Rc5 Ra2+ 64. Kd3 e2 65. Bxe2 Ne5+ 66. Ke3 Ra3+ 67. Kf2 h6 68. Rb5 Rc3 69. Rb6+ Rc6 70. Rb7 Kf6 71. Rb2 Ng6 72. Bf3 Rd6 73. Be4 Ke5 74. Bf5 Nf4 75. Ke3 Ra6 76. Rb5+ Nd5+ 77. Kf2 Ra2+ 78. Kg3 Kd4 79. Rb8 Nf4 80. Rd8+ Ke3 81. Re8+ Kd4 82. Rd8+ Ke5 83. Re8+ Kd6 84. Be4 Re2 85. Rd8+ Ke7 86. Rd4 Rxg2+ 87. Bxg2 Ne2+ 88. Kf2 Nxd4 89. Bf1 Kd6 90. Kg3 Ke5 91. h4 Ke4 92. hxg5 hxg5 93. Ba6 Ke3 94. Bc4 Nc2 95. Ba6 Na3 96. Bf1 Nb1 97. Bg2 Nc3 98. Bf3 1/2-1/2

[Event "TUR Cup"]
[Site "Adapazari"]
[Date "2022.03.27"]
[Round "4"]
[White "Gulbeyaz, Emir"]
[Black "Daghan, Devran"]
[Result "1-0"]
[WhiteElo "2218"]
[BlackElo "1985"]
[PlyCount "61"]
[EventDate "2022.03.25"]
[EventType "swiss"]
[EventRounds "11"]
[EventCountry "TUR"]
[SourceTitle "EXT 2023"]
[Source "ChessBase"]
[SourceDate "2022.10.05"]
[SourceVersion "1"]
[SourceVersionDate "2022.10.05"]
[SourceQuality "1"]

1. d4 f5 2. Nf3 Nf6 3. c4 d6 4. g3 g6 5. Bg2 Bg7 6. 0-0 0-0 7. d5 a5 8. Nc3 Na6 9. Nd4 Nc5 10. Rb1 e5 11. dxe6 c6 12. b3 Qe7 13. Ba3 Ra6 14. Qd2 Rd8 15. Rfe1 Nxe6 16. Nxe6 Bxe6 17. e4 fxe4 18. Nxe4 Nxe4 19. Rxe4 Qf7 20. Rbe1 Bf5 21. Re7 Qf6 22. Rxb7 a4 23. b4 Qc3 24. Rxg7+ Qxg7 25. Bb2 Qf8 26. Qd4 g5 27. b5 Ra5 28. Qh8+ Kf7 29. Qf6+ Kg8 30. Qxg5+ Bg6 31. Bxc6 1-0

[Event "TUR Cup"]
[Site "Antalya"]
[Date "2019.02.01"]
[Round "9"]
[White "Daghan, Devran"]
[Black "Peker, Serdar"]
[Result "1-0"]
[WhiteElo "2020"]
[BlackElo "1830"]
[PlyCount "75"]
[EventDate "2019.01.27"]
[EventType "swiss"]
[EventRounds "11"]
[EventCountry "TUR"]
[SourceTitle "CBM 188 Extra"]
[Source "ChessBase"]
[SourceDate "2019.02.28"]
[SourceVersion "1"]
[SourceVersionDate "2019.02.28"]
[SourceQuality "1"]

1. e4 c5 2. Nc3 Nc6 3. g3 g6 4. Bg2 Bg7 5. d3 d6 6. Be3 Nf6 7. h3 Rb8 8. f4 Nd4 9. Nf3 Nd7 10. 0-0 b5 11. Qd2 b4 12. Nd1 Nxf3+ 13. Bxf3 a5 14. f5 a4 15. Rb1 Ba6 16. b3 a3 17. g4 0-0 18. Bh6 Ne5 19. Bxg7 Kxg7 20. Ne3 e6 21. Bg2 Nd7 22. Qf2 h6 23. Qg3 Nf6 24. h4 g5 25. hxg5 hxg5 26. fxe6 fxe6 27. e5 Ne8 28. Rxf8 Kxf8 29. Qh2 Kg7 30. Be4 dxe5 31. Qh7+ Kf8 32. Rf1+ Nf6 33. Qh6+ Ke7 34. Qxf6+ Kd7 35. Qxd8+ Rxd8 36. Rf7+ Ke8 37. Ra7 Bb5 38. Rc7 1-0

[Event "TUR Cup"]
[Site "Antalya"]
[Date "2019.01.29"]
[Round "4"]
[White "Bulgan, Tansel"]
[Black "Daghan, Devran"]
[Result "0-1"]
[WhiteElo "1233"]
[BlackElo "2020"]
[PlyCount "57"]
[EventDate "2019.01.27"]
[EventType "swiss"]
[EventRounds "11"]
[EventCountry "TUR"]
[SourceTitle "CBM 188 Extra"]
[Source "ChessBase"]
[SourceDate "2019.02.28"]
[SourceVersion "1"]
[SourceVersionDate "2019.02.28"]
[SourceQuality "1"]

1. e4 e5 2. Nf3 Nc6 3. Bb5 f5 4. d3 Nf6 5. Nc3 Bc5 6. Bxc6 dxc6 7. Be3 Bxe3 8. fxe3 fxe4 9. dxe4 Qe7 10. h3 0-0 11. 0-0 Qc5 12. Qe1 b5 13. a3 Be6 14. b4 Qe7 15. Rd1 Bc4 16. Rf2 a5 17. Ne2 Nxe4 18. Rf1 Bxe2 19. Qxe2 Ng3 20. Qd2 Nxf1 21. Rxf1 axb4 22. axb4 e4 23. Nd4 Rxf1+ 24. Kxf1 Ra1+ 25. Ke2 Qf7 26. Nf3 exf3+ 27. gxf3 Qc4+ 28. Kf2 Qf1+ 29. Kg3 0-1